000 00497nam a2200181Ia 4500
005 20250317122623.0
008 008 250317s9999 xx 000 0 eng d
037 _aTextbook
040 _aFMSL
_beng
_cFMSL
041 _aeng
_2eng
084 _aX:512 K2
_qFMSL
100 _aLatif T A A
245 0 _aSales and management training in India
260 _aBombay
_bBombay, Z M Kadri
_c1962
300 _a35p
942 _cTB
_hX:512 K2
999 _c1247874
_d1247874